<?xml version="1.0" encoding="UTF-8"?>
<collection xmlns="http://www.loc.gov/MARC21/slim">
 <record>
  <leader>08223cam a2201105 c 4500</leader>
  <controlfield tag="001">312036280</controlfield>
  <controlfield tag="003">DE-627</controlfield>
  <controlfield tag="005">20260206194147.0</controlfield>
  <controlfield tag="007">tu</controlfield>
  <controlfield tag="008">000413s2000    gw ||||| c    00| ||ger c</controlfield>
  <datafield tag="015" ind1=" " ind2=" ">
   <subfield code="a">00,A30,1006</subfield>
   <subfield code="2">dnb</subfield>
  </datafield>
  <datafield tag="016" ind1="7" ind2=" ">
   <subfield code="a">959093168</subfield>
   <subfield code="2">DE-101</subfield>
  </datafield>
  <datafield tag="020" ind1=" " ind2=" ">
   <subfield code="a">3886092410</subfield>
   <subfield code="q"> (Museumsausg.)</subfield>
  </datafield>
  <datafield tag="020" ind1=" " ind2=" ">
   <subfield code="a">3775709215</subfield>
   <subfield code="q"> (Buchhandelsausg.)</subfield>
  </datafield>
  <datafield tag="035" ind1=" " ind2=" ">
   <subfield code="a">(DE-627)312036280</subfield>
  </datafield>
  <datafield tag="035" ind1=" " ind2=" ">
   <subfield code="a">(DE-603)091840465</subfield>
  </datafield>
  <datafield tag="035" ind1=" " ind2=" ">
   <subfield code="a">(DE-576)084471638</subfield>
  </datafield>
  <datafield tag="035" ind1=" " ind2=" ">
   <subfield code="a">(DE-599)DNB959093168</subfield>
  </datafield>
  <datafield tag="035" ind1=" " ind2=" ">
   <subfield code="a">(OCoLC)247271781</subfield>
  </datafield>
  <datafield tag="035" ind1=" " ind2=" ">
   <subfield code="a">(OCoLC)313583306</subfield>
  </datafield>
  <datafield tag="035" ind1=" " ind2=" ">
   <subfield code="a">(OCoLC)247657960</subfield>
  </datafield>
  <datafield tag="035" ind1=" " ind2=" ">
   <subfield code="a">(OCoLC)1039223954</subfield>
  </datafield>
  <datafield tag="035" ind1=" " ind2=" ">
   <subfield code="a">(OCoLC)1077719074</subfield>
  </datafield>
  <datafield tag="035" ind1=" " ind2=" ">
   <subfield code="a">(OCoLC)44056837</subfield>
  </datafield>
  <datafield tag="040" ind1=" " ind2=" ">
   <subfield code="a">DE-627</subfield>
   <subfield code="b">ger</subfield>
   <subfield code="c">DE-627</subfield>
   <subfield code="e">rakwb</subfield>
  </datafield>
  <datafield tag="041" ind1=" " ind2=" ">
   <subfield code="a">ger</subfield>
  </datafield>
  <datafield tag="044" ind1=" " ind2=" ">
   <subfield code="c">XA-DE</subfield>
   <subfield code="c">XA-IT</subfield>
   <subfield code="c">XA-DE-BE</subfield>
  </datafield>
  <datafield tag="084" ind1=" " ind2=" ">
   <subfield code="a">46</subfield>
   <subfield code="a">02</subfield>
   <subfield code="2">sdnb</subfield>
  </datafield>
  <datafield tag="084" ind1=" " ind2=" ">
   <subfield code="a">6,12</subfield>
   <subfield code="2">ssgn</subfield>
  </datafield>
  <datafield tag="084" ind1=" " ind2=" ">
   <subfield code="a">9,10</subfield>
   <subfield code="2">ssgn</subfield>
  </datafield>
  <datafield tag="084" ind1=" " ind2=" ">
   <subfield code="a">IT 6202</subfield>
   <subfield code="2">rvk</subfield>
   <subfield code="0">(DE-625)rvk/68561:</subfield>
  </datafield>
  <datafield tag="084" ind1=" " ind2=" ">
   <subfield code="a">LI 17603</subfield>
   <subfield code="2">rvk</subfield>
   <subfield code="0">(DE-625)rvk/95631:13281</subfield>
  </datafield>
  <datafield tag="084" ind1=" " ind2=" ">
   <subfield code="a">LI 17609</subfield>
   <subfield code="q">BVB</subfield>
   <subfield code="2">rvk</subfield>
   <subfield code="0">(DE-625)rvk/95631:13287</subfield>
  </datafield>
  <datafield tag="084" ind1=" " ind2=" ">
   <subfield code="a">LI 17608</subfield>
   <subfield code="2">rvk</subfield>
   <subfield code="0">(DE-625)rvk/95631:13286</subfield>
  </datafield>
  <datafield tag="084" ind1=" " ind2=" ">
   <subfield code="a">LI 17600</subfield>
   <subfield code="2">rvk</subfield>
   <subfield code="0">(DE-625)rvk/95631:13278</subfield>
  </datafield>
  <datafield tag="084" ind1=" " ind2=" ">
   <subfield code="a">NF 8480</subfield>
   <subfield code="2">rvk</subfield>
   <subfield code="0">(DE-625)rvk/125277:</subfield>
  </datafield>
  <datafield tag="084" ind1=" " ind2=" ">
   <subfield code="a">20.31</subfield>
   <subfield code="2">bkl</subfield>
  </datafield>
  <datafield tag="084" ind1=" " ind2=" ">
   <subfield code="a">21.22</subfield>
   <subfield code="2">bkl</subfield>
  </datafield>
  <datafield tag="130" ind1="0" ind2=" ">
   <subfield code="a">dieser Katalog erscheint als Originalausgabe zur ersten Station der Ausstellung &quot;Sandro Botticelli. Der Bilderzyklus zu Dantes Göttlicher Komödie</subfield>
  </datafield>
  <datafield tag="245" ind1="1" ind2="0">
   <subfield code="a">Sandro Botticelli</subfield>
   <subfield code="b">der Bilderzyklus zu Dantes Göttlicher Komödie ; mit einer repräsentativen Auswahl von Zeichnungen Botticellis und illuminierten Commedia-Handschriften der Renaissance ; [dieser Katalog erscheint als Originalausgabe zur ersten Station der Ausstellung &quot;Sandro Botticelli. Der Bilderzyklus zu Dantes Göttlicher Komödie. Eine Werkschau von Zeichnungen Botticellis, Malerei und Illuminierten Handschriften der Renaissance&quot; des Kupferstichkabinetts Berlin, Ausstellungshallen am Kulturforum, Berlin, 15. April - 18. Juni 2000 ...]</subfield>
   <subfield code="c">Royal Academy of Arts. Hein-Th. Schulze Altcappenberg. Mit Essays von Horst Bredekamp ...</subfield>
  </datafield>
  <datafield tag="264" ind1=" " ind2="1">
   <subfield code="a">Ostfildern-Ruit</subfield>
   <subfield code="b">Hatje Cantz [u.a.]</subfield>
   <subfield code="c">2000</subfield>
  </datafield>
  <datafield tag="264" ind1=" " ind2="1">
   <subfield code="a">London</subfield>
   <subfield code="b">Royal Academy of Arts</subfield>
   <subfield code="c">2000</subfield>
  </datafield>
  <datafield tag="300" ind1=" " ind2=" ">
   <subfield code="a">391 S.</subfield>
   <subfield code="b">überw. Ill.</subfield>
  </datafield>
  <datafield tag="336" ind1=" " ind2=" ">
   <subfield code="a">Text</subfield>
   <subfield code="b">txt</subfield>
   <subfield code="2">rdacontent</subfield>
  </datafield>
  <datafield tag="336" ind1=" " ind2=" ">
   <subfield code="a">unbewegtes Bild</subfield>
   <subfield code="b">sti</subfield>
   <subfield code="2">rdacontent</subfield>
  </datafield>
  <datafield tag="337" ind1=" " ind2=" ">
   <subfield code="a">ohne Hilfsmittel zu benutzen</subfield>
   <subfield code="b">n</subfield>
   <subfield code="2">rdamedia</subfield>
  </datafield>
  <datafield tag="338" ind1=" " ind2=" ">
   <subfield code="a">Band</subfield>
   <subfield code="b">nc</subfield>
   <subfield code="2">rdacarrier</subfield>
  </datafield>
  <datafield tag="500" ind1=" " ind2=" ">
   <subfield code="a">Ergänzung des 1995 erschienenen Bandes Die italienischen Zeichnungen des 14. und 15. Jahrhunderts im Berliner Kupferstichkabinett</subfield>
  </datafield>
  <datafield tag="583" ind1="1" ind2=" ">
   <subfield code="a">Archivierung/Langzeitarchivierung gewährleistet</subfield>
   <subfield code="f">PEBW</subfield>
   <subfield code="x">XA-DE-BW</subfield>
   <subfield code="2">pdager</subfield>
   <subfield code="5">DE-24</subfield>
  </datafield>
  <datafield tag="583" ind1="1" ind2=" ">
   <subfield code="a">Archivierung/Langzeitarchivierung gewährleistet</subfield>
   <subfield code="f">SSG</subfield>
   <subfield code="x">XA-DE-BW</subfield>
   <subfield code="2">pdager</subfield>
   <subfield code="5">DE-16</subfield>
  </datafield>
  <datafield tag="650" ind1=" " ind2="4">
   <subfield code="a">Dante Alighieri</subfield>
  </datafield>
  <datafield tag="650" ind1=" " ind2="4">
   <subfield code="a">Botticelli, Komödie, Hahn, Keller, Säugetier</subfield>
  </datafield>
  <datafield tag="655" ind1=" " ind2="7">
   <subfield code="a">Ausstellungskatalog</subfield>
   <subfield code="0">(DE-588)4135467-9</subfield>
   <subfield code="0">(DE-627)10566491X</subfield>
   <subfield code="0">(DE-576)209660988</subfield>
   <subfield code="2">gnd-content</subfield>
  </datafield>
  <datafield tag="655" ind1=" " ind2="7">
   <subfield code="a">Bildband</subfield>
   <subfield code="0">(DE-588)4145395-5</subfield>
   <subfield code="0">(DE-627)104450835</subfield>
   <subfield code="0">(DE-576)209741139</subfield>
   <subfield code="2">gnd-content</subfield>
  </datafield>
  <datafield tag="655" ind1=" " ind2="7">
   <subfield code="a">Ausstellungskatalog</subfield>
   <subfield code="x">Kupferstichkabinett Berlin</subfield>
   <subfield code="y">[2000]</subfield>
   <subfield code="z">Berlin</subfield>
   <subfield code="0">(DE-588)4135467-9</subfield>
   <subfield code="0">(DE-627)10566491X</subfield>
   <subfield code="0">(DE-576)209660988</subfield>
   <subfield code="2">gnd-content</subfield>
  </datafield>
  <datafield tag="655" ind1=" " ind2="7">
   <subfield code="a">Ausstellungskatalog</subfield>
   <subfield code="x">Scuderie Papali al Quirinale</subfield>
   <subfield code="y">[2000]</subfield>
   <subfield code="z">Rom</subfield>
   <subfield code="0">(DE-588)4135467-9</subfield>
   <subfield code="0">(DE-627)10566491X</subfield>
   <subfield code="0">(DE-576)209660988</subfield>
   <subfield code="2">gnd-content</subfield>
  </datafield>
  <datafield tag="655" ind1=" " ind2="7">
   <subfield code="a">Ausstellungskatalog</subfield>
   <subfield code="x">Royal Academy of Arts</subfield>
   <subfield code="y">[2001]</subfield>
   <subfield code="z">London</subfield>
   <subfield code="0">(DE-588)4135467-9</subfield>
   <subfield code="0">(DE-627)10566491X</subfield>
   <subfield code="0">(DE-576)209660988</subfield>
   <subfield code="2">gnd-content</subfield>
  </datafield>
  <datafield tag="689" ind1="0" ind2="0">
   <subfield code="d">u</subfield>
   <subfield code="0">(DE-588)4419837-1</subfield>
   <subfield code="0">(DE-627)213943026</subfield>
   <subfield code="0">(DE-576)212251015</subfield>
   <subfield code="a">Handschrift</subfield>
   <subfield code="g">Kupferstichkabinett, Berlin</subfield>
   <subfield code="n">Cod. Ham. 201</subfield>
   <subfield code="2">gnd</subfield>
  </datafield>
  <datafield tag="689" ind1="0" ind2=" ">
   <subfield code="5">DE-101</subfield>
  </datafield>
  <datafield tag="689" ind1="1" ind2="0">
   <subfield code="d">p</subfield>
   <subfield code="0">(DE-588)118514008</subfield>
   <subfield code="0">(DE-627)079316964</subfield>
   <subfield code="0">(DE-576)160383749</subfield>
   <subfield code="a">Botticelli, Sandro</subfield>
   <subfield code="d">1445-1510</subfield>
   <subfield code="2">gnd</subfield>
  </datafield>
  <datafield tag="689" ind1="1" ind2="1">
   <subfield code="d">s</subfield>
   <subfield code="0">(DE-588)4145508-3</subfield>
   <subfield code="0">(DE-627)105590606</subfield>
   <subfield code="0">(DE-576)209741961</subfield>
   <subfield code="a">Bildzyklus</subfield>
   <subfield code="2">gnd</subfield>
  </datafield>
  <datafield tag="689" ind1="1" ind2=" ">
   <subfield code="5">(DE-627)</subfield>
  </datafield>
  <datafield tag="700" ind1="1" ind2=" ">
   <subfield code="a">Botticelli, Sandro</subfield>
   <subfield code="d">1445-1510</subfield>
   <subfield code="e">Ill.</subfield>
   <subfield code="0">(DE-588)118514008</subfield>
   <subfield code="0">(DE-627)079316964</subfield>
   <subfield code="0">(DE-576)160383749</subfield>
   <subfield code="4">ill</subfield>
  </datafield>
  <datafield tag="700" ind1="1" ind2=" ">
   <subfield code="a">Schulze Altcappenberg, Hein-Thomas</subfield>
   <subfield code="d">1953-</subfield>
   <subfield code="0">(DE-588)172365651</subfield>
   <subfield code="0">(DE-627)697309320</subfield>
   <subfield code="0">(DE-576)165756128</subfield>
   <subfield code="4">oth</subfield>
  </datafield>
  <datafield tag="700" ind1="1" ind2=" ">
   <subfield code="a">Bredekamp, Horst</subfield>
   <subfield code="d">1947-</subfield>
   <subfield code="0">(DE-588)12085452X</subfield>
   <subfield code="0">(DE-627)080928498</subfield>
   <subfield code="0">(DE-576)160414687</subfield>
   <subfield code="4">oth</subfield>
  </datafield>
  <datafield tag="710" ind1="2" ind2=" ">
   <subfield code="a">Royal Academy of Arts</subfield>
   <subfield code="0">(DE-588)1023738-0</subfield>
   <subfield code="0">(DE-627)103533850</subfield>
   <subfield code="0">(DE-576)191274283</subfield>
   <subfield code="4">oth</subfield>
  </datafield>
  <datafield tag="710" ind1="2" ind2=" ">
   <subfield code="a">Kupferstichkabinett</subfield>
   <subfield code="g">Berlin</subfield>
   <subfield code="0">(DE-588)2016864-0</subfield>
   <subfield code="0">(DE-627)101915772</subfield>
   <subfield code="0">(DE-576)191706744</subfield>
   <subfield code="4">oth</subfield>
  </datafield>
  <datafield tag="711" ind1="2" ind2=" ">
   <subfield code="a">Ausstellung Sandro Botticelli. Der Bilderzyklus zu Dantes Göttlicher Komödie. Eine Werkschau von Zeichnungen Botticellis, Malerei und Illuminierten Handschriften der Renaissance</subfield>
   <subfield code="d">2000 - 2001</subfield>
   <subfield code="c">Berlin u.a.</subfield>
   <subfield code="0">(DE-588)2183689-9</subfield>
   <subfield code="0">(DE-627)318995948</subfield>
   <subfield code="0">(DE-576)198095007</subfield>
   <subfield code="4">oth</subfield>
  </datafield>
  <datafield tag="787" ind1="0" ind2="8">
   <subfield code="i">Ergänzung zu</subfield>
   <subfield code="a">Kupferstichkabinett (Berlin)</subfield>
   <subfield code="t">Die italienischen Zeichnungen des 14. und 15. Jahrhunderts im Berliner Kupferstichkabinett</subfield>
  </datafield>
  <datafield tag="787" ind1="0" ind2="8">
   <subfield code="i">Rezension</subfield>
   <subfield code="a">Brunner, Michael, 1965 - </subfield>
   <subfield code="t">[Rezension von: Sandro Botticelli. Der Bilderzyklus zu Dantes Göttlicher Komödie]</subfield>
   <subfield code="d">2001</subfield>
   <subfield code="w">(DE-627)1777275318</subfield>
  </datafield>
  <datafield tag="787" ind1="0" ind2="8">
   <subfield code="i">Rezensiert in</subfield>
   <subfield code="a">Pfisterer, Ulrich, 1968 - </subfield>
   <subfield code="t">[Rezension von: Hein-Th. Schulze Altcappenberg (Hrsg.), Sandro Botticelli]</subfield>
   <subfield code="d">2000</subfield>
   <subfield code="w">(DE-627)192196880X</subfield>
  </datafield>
  <datafield tag="856" ind1="4" ind2="2">
   <subfield code="u">https://swbplus.bsz-bw.de/bsz084471638rez.htm</subfield>
   <subfield code="m">V:DE-576</subfield>
   <subfield code="v">2005-09-13</subfield>
   <subfield code="3">Rezension</subfield>
   <subfield code="7">1</subfield>
  </datafield>
  <datafield tag="856" ind1="4" ind2="2">
   <subfield code="u">https://www.bsz-bw.de/depot/media/3400000/3421000/3421308/00%5f0203.html</subfield>
   <subfield code="x">Verlag</subfield>
   <subfield code="3">Rezension</subfield>
   <subfield code="7">1</subfield>
  </datafield>
  <datafield tag="856" ind1="4" ind2="2">
   <subfield code="u">http://scans.hebis.de/HEBCGI/show.pl?09184046_toc.pdf</subfield>
   <subfield code="m">V:DE-603;B:DE-17</subfield>
   <subfield code="q">application/pdf</subfield>
   <subfield code="3">Inhaltsverzeichnis</subfield>
   <subfield code="7">1</subfield>
  </datafield>
  <datafield tag="856" ind1="4" ind2="2">
   <subfield code="u">http://scans.hebis.de/HEBCGI/show.pl?09184046_rez.pdf</subfield>
   <subfield code="m">V:DE-576</subfield>
   <subfield code="q">application/pdf</subfield>
   <subfield code="3">Rezension</subfield>
   <subfield code="7">1</subfield>
  </datafield>
  <datafield tag="889" ind1=" " ind2=" ">
   <subfield code="w">(DE-627)316273597</subfield>
  </datafield>
  <datafield tag="935" ind1=" " ind2=" ">
   <subfield code="a">JALB</subfield>
   <subfield code="a">mteo</subfield>
  </datafield>
  <datafield tag="935" ind1=" " ind2=" ">
   <subfield code="i">Blocktest</subfield>
  </datafield>
  <datafield tag="936" ind1="r" ind2="v">
   <subfield code="a">IT 6202</subfield>
   <subfield code="b">Sonstige Einzelfragen</subfield>
   <subfield code="k">Romanistik</subfield>
   <subfield code="k">Italienische Sprache und Literatur</subfield>
   <subfield code="k">Italienische Literatur bis zum 14. Jahrhundert</subfield>
   <subfield code="k">Literaturgeschichte</subfield>
   <subfield code="k">Dante &lt;Alighieri&gt;</subfield>
   <subfield code="k">Sekundärliteratur</subfield>
   <subfield code="k">Divina Commedia</subfield>
   <subfield code="k">Sonstige Einzelfragen</subfield>
   <subfield code="0">(DE-627)1270878980</subfield>
   <subfield code="0">(DE-625)rvk/68561:</subfield>
   <subfield code="0">(DE-576)200878980</subfield>
  </datafield>
  <datafield tag="936" ind1="r" ind2="v">
   <subfield code="a">LI 17603</subfield>
   <subfield code="b">Abbildungswerke und Monographien zu einem Thema (sofern hierzu Werke des Künstlers aus zwei oder mehr Kunstgattungen - z.B. Plastik und Malerei - vorliegen)</subfield>
   <subfield code="k">Kunstgeschichte</subfield>
   <subfield code="k">Künstler-Monografien</subfield>
   <subfield code="k">Alphabetische Künstlerliste</subfield>
   <subfield code="k">Künstler B</subfield>
   <subfield code="k">Botticelli, Sandro (bis 17610)</subfield>
   <subfield code="k">Abbildungswerke und Monographien zu einem Thema (sofern hierzu Werke des Künstlers aus zwei oder mehr Kunstgattungen - z.B. Plastik und Malerei - vorliegen)</subfield>
   <subfield code="0">(DE-627)127230177X</subfield>
   <subfield code="0">(DE-625)rvk/95631:13281</subfield>
   <subfield code="0">(DE-576)20230177X</subfield>
  </datafield>
  <datafield tag="936" ind1="r" ind2="v">
   <subfield code="a">LI 17609</subfield>
   <subfield code="b">Monographien und Bildbände zu einzelnen Kunstwerken</subfield>
   <subfield code="k">Kunstgeschichte</subfield>
   <subfield code="k">Künstler-Monografien</subfield>
   <subfield code="k">Alphabetische Künstlerliste</subfield>
   <subfield code="k">Künstler B</subfield>
   <subfield code="k">Botticelli, Sandro (bis 17610)</subfield>
   <subfield code="k">Monographien und Bildbände zu einzelnen Kunstwerken</subfield>
   <subfield code="0">(DE-627)127180428X</subfield>
   <subfield code="0">(DE-625)rvk/95631:13287</subfield>
   <subfield code="0">(DE-576)20180428X</subfield>
  </datafield>
  <datafield tag="936" ind1="r" ind2="v">
   <subfield code="a">LI 17608</subfield>
   <subfield code="b">der Künstler als Illustrator (und sonstiger Kunstschöpfer)</subfield>
   <subfield code="k">Kunstgeschichte</subfield>
   <subfield code="k">Künstler-Monografien</subfield>
   <subfield code="k">Alphabetische Künstlerliste</subfield>
   <subfield code="k">Künstler B</subfield>
   <subfield code="k">Botticelli, Sandro (bis 17610)</subfield>
   <subfield code="k">der Künstler als Illustrator (und sonstiger Kunstschöpfer)</subfield>
   <subfield code="0">(DE-627)1270702734</subfield>
   <subfield code="0">(DE-625)rvk/95631:13286</subfield>
   <subfield code="0">(DE-576)200702734</subfield>
  </datafield>
  <datafield tag="936" ind1="r" ind2="v">
   <subfield code="a">LI 17600</subfield>
   <subfield code="b">Werkverzeichnisse, Ausstellungskataloge. Personalbibliografien</subfield>
   <subfield code="k">Kunstgeschichte</subfield>
   <subfield code="k">Künstler-Monografien</subfield>
   <subfield code="k">Alphabetische Künstlerliste</subfield>
   <subfield code="k">Künstler B</subfield>
   <subfield code="k">Botticelli, Sandro (bis 17610)</subfield>
   <subfield code="k">Werkverzeichnisse, Ausstellungskataloge. Personalbibliografien</subfield>
   <subfield code="0">(DE-627)1270702726</subfield>
   <subfield code="0">(DE-625)rvk/95631:13278</subfield>
   <subfield code="0">(DE-576)200702726</subfield>
  </datafield>
  <datafield tag="936" ind1="r" ind2="v">
   <subfield code="a">NF 8480</subfield>
   <subfield code="b">Allgemeines</subfield>
   <subfield code="k">Geschichte</subfield>
   <subfield code="k">Ur- und Frühgeschichte / Prähistorische Archäologie</subfield>
   <subfield code="k">Archäologie der übrigen Welt</subfield>
   <subfield code="k">Afrika</subfield>
   <subfield code="k">Nordafrika und nördliche Sahara (Ägypten, Algerien, Libyen, Marokko, Tunesien)</subfield>
   <subfield code="k">Allgemeines</subfield>
   <subfield code="0">(DE-627)1437680798</subfield>
   <subfield code="0">(DE-625)rvk/125277:</subfield>
   <subfield code="0">(DE-576)367680793</subfield>
  </datafield>
  <datafield tag="936" ind1="b" ind2="k">
   <subfield code="a">20.31</subfield>
   <subfield code="j">Bildende Künstler</subfield>
   <subfield code="0">(DE-627)181571080</subfield>
  </datafield>
  <datafield tag="936" ind1="b" ind2="k">
   <subfield code="a">21.22</subfield>
   <subfield code="j">Geschichte der Zeichnung</subfield>
   <subfield code="x">Kunst</subfield>
   <subfield code="0">(DE-627)106406051</subfield>
  </datafield>
  <datafield tag="936" ind1="s" ind2="n">
   <subfield code="a">l300</subfield>
   <subfield code="2">mzub</subfield>
  </datafield>
  <datafield tag="936" ind1="s" ind2="n">
   <subfield code="a">n100</subfield>
   <subfield code="2">mzub</subfield>
  </datafield>
  <datafield tag="936" ind1="s" ind2="n">
   <subfield code="a">a200</subfield>
   <subfield code="2">mzub</subfield>
  </datafield>
  <datafield tag="951" ind1=" " ind2=" ">
   <subfield code="a">BO</subfield>
  </datafield>
  <datafield tag="990" ind1=" " ind2=" ">
   <subfield code="a">Handschrift</subfield>
  </datafield>
  <datafield tag="990" ind1=" " ind2=" ">
   <subfield code="a">Botticelli, Sandro</subfield>
  </datafield>
  <datafield tag="990" ind1=" " ind2=" ">
   <subfield code="a">Bildzyklus</subfield>
  </datafield>
  <datafield tag="991" ind1=" " ind2=" ">
   <subfield code="a">Rezensiertes Werk</subfield>
  </datafield>
  <datafield tag="999" ind1=" " ind2=" ">
   <subfield code="a">KXP-PPN312036280</subfield>
   <subfield code="e">4919654634</subfield>
  </datafield>
 </record>
</collection>
